[Event "OPEN DE MENTON 2023"]
[Site "Palais de l'europe Menton, France"]
[Date "2023.10.24"]
[Round "4.2"]
[White "Louis, AURIBAULT 2089"]
[Black "Clement, KUHN 2338"]
[Result "1/2-1/2"]
[TimeControl "90'+30\"/ 40m + 30' +30\""]
[BlackTitle "FM"]
[WhiteElo "2089"]
[BlackElo "2338"]

1. e4 {[%clk 01:30:57]} {[%emt 00:00:02]} e6 {[%clk 01:30:54]} {[%emt
00:00:06]} 2. d4 {[%clk 01:31:21]} {[%emt 00:00:06]} d5 {[%clk 01:31:12]}
{[%emt 00:00:12]} 3. Nd2 {[%clk 01:31:09]} {[%emt 00:00:42]} Nf6 {[%clk
01:31:32]} {[%emt 00:00:10]} 4. e5 {[%clk 01:31:07]} {[%emt 00:00:33]} Nfd7
{[%clk 01:31:58]} {[%emt 00:00:04]} 5. Bd3 {[%clk 01:31:27]} {[%emt 00:00:09]}
c5 {[%clk 01:32:22]} {[%emt 00:00:06]} 6. c3 {[%clk 01:31:43]} {[%emt
00:00:15]} Nc6 {[%clk 01:32:48]} {[%emt 00:00:04]} 7. Ne2 {[%clk 01:31:30]}
{[%emt 00:00:43]} cxd4 {[%clk 01:33:13]} {[%emt 00:00:05]} 8. cxd4 {[%clk
01:31:52]} {[%emt 00:00:08]} f6 {[%clk 01:33:39]} {[%emt 00:00:04]} 9. exf6
{[%clk 01:30:59]} {[%emt 00:01:23]} Nxf6 {[%clk 01:34:03]} {[%emt 00:00:05]} 10.
Nf3 {[%clk 01:28:33]} {[%emt 00:02:56]} Bd6 {[%clk 01:34:31]} {[%emt 00:00:02]}
11. O-O {[%clk 01:28:28]} {[%emt 00:00:35]} Qc7 {[%clk 01:34:58]} {[%emt
00:00:04]} 12. Bg5 {[%clk 01:20:18]} {[%emt 00:08:40]} O-O {[%clk 01:35:20]}
{[%emt 00:00:07]} 13. Rc1 {[%clk 01:18:34]} {[%emt 00:02:14]} Bd7 {[%clk
01:28:43]} {[%emt 00:07:08]} 14. Qc2 {[%clk 01:14:16]} {[%emt 00:04:48]} Be8
{[%clk 01:27:59]} {[%emt 00:01:13]} 15. Ng3 {[%clk 01:09:56]} {[%emt 00:04:51]}
h6 {[%clk 01:25:52]} {[%emt 00:02:37]} 16. Bd2 {[%clk 01:10:10]} {[%emt
00:00:15]} Qb6 {[%clk 01:16:17]} {[%emt 00:10:06]} 17. Rfe1 {[%clk 01:05:53]}
{[%emt 00:04:47]} Nxd4 {[%clk 01:07:48]} {[%emt 00:08:59]} 18. Nxd4 {[%clk
01:05:47]} {[%emt 00:00:37]} Qxd4 {[%clk 01:08:11]} {[%emt 00:00:06]} 19. Rxe6
{[%clk 01:04:45]} {[%emt 00:01:31]} Ng4 {[%clk 01:03:38]} {[%emt 00:05:04]} 20.
Bh7+ {[%clk 00:44:01]} {[%emt 00:21:13]} Kh8 {[%clk 01:03:44]} {[%emt
00:00:23]} 21. Bc3 {[%clk 00:39:46]} {[%emt 00:04:45]} Qc5 {[%clk 00:39:12]}
{[%emt 00:25:03]} 22. Bf5 {[%clk 00:32:52]} {[%emt 00:07:24]} d4 {[%clk
00:29:33]} {[%emt 00:10:09]} 23. Bxg4 {[%clk 00:32:04]} {[%emt 00:01:19]} Bxg3
{[%clk 00:29:47]} {[%emt 00:00:16]} 24. hxg3 {[%clk 00:31:18]} {[%emt
00:01:15]} dxc3 {[%clk 00:30:11]} {[%emt 00:00:06]} 25. bxc3 {[%clk 00:27:57]}
{[%emt 00:03:52]} Bc6 {[%clk 00:28:39]} {[%emt 00:02:02]} 26. Re3 {[%clk
00:26:07]} {[%emt 00:02:19]} Rf6 {[%clk 00:27:39]} {[%emt 00:01:30]} 27. Bf3
{[%clk 00:22:47]} {[%emt 00:03:50]} Raf8 {[%clk 00:26:55]} {[%emt 00:01:14]} 28.
Qe2 {[%clk 00:22:28]} {[%emt 00:00:49]} a5 {[%clk 00:25:08]} {[%emt 00:02:18]}
29. c4 {[%clk 00:18:15]} {[%emt 00:04:44]} b5 {[%clk 00:17:02]} {[%emt
00:08:36]} 30. Qe1 {[%clk 00:12:22]} {[%emt 00:06:22]} Bxf3 {[%clk 00:16:59]}
{[%emt 00:00:33]} 31. Rxf3 {[%clk 00:11:15]} {[%emt 00:01:38]} Rxf3 {[%clk
00:16:59]} {[%emt 00:00:30]} 32. gxf3 {[%clk 00:11:38]} {[%emt 00:00:07]} bxc4
{[%clk 00:12:59]} {[%emt 00:04:29]} 33. Qc3 {[%clk 00:11:47]} {[%emt 00:00:20]}
Re8 {[%clk 00:12:03]} {[%emt 00:01:26]} 34. Rc2 {[%clk 00:10:07]} {[%emt
00:02:11]} Qf5 {[%clk 00:12:07]} {[%emt 00:00:25]} 35. Qxc4 {[%clk 00:07:14]}
{[%emt 00:03:24]} Qxf3 {[%clk 00:04:54]} {[%emt 00:07:42]} 36. Qc3 {[%emt
00:02:22]} Rf8 {[%clk 00:02:13]} {[%emt 00:02:37]} 37. Qxf3 {[%clk 00:05:04]}
{[%emt 00:01:22]} Rxf3 {[%clk 00:02:40]} {[%emt 00:00:03]} 38. a4 {[%clk
00:04:32]} {[%emt 00:01:02]} Ra3 {[%clk 00:02:50]} {[%emt 00:00:20]} 39. Rc4
{[%clk 00:05:02]} {[%emt 00:00:01]} Kg8 {[%clk 00:01:43]} {[%emt 00:01:36]} 40.
Re4 {[%clk 00:35:27]} {[%emt 00:00:05]} Kf7 {[%clk 00:31:53]} {[%emt 00:00:19]}
41. Kg2 {[%clk 00:35:46]} {[%emt 00:00:12]} Kf6 {[%clk 00:31:50]} {[%emt
00:00:32]} 42. f3 {[%clk 00:31:08]} {[%emt 00:05:09]} Ra2+ {[%clk 00:29:35]}
{[%emt 00:02:45]} 43. Kh3 {[%clk 00:29:50]} {[%emt 00:01:48]} Rb2 {[%clk
00:29:19]} {[%emt 00:00:45]} 44. g4 {[%clk 00:29:18]} {[%emt 00:01:03]} g6
{[%clk 00:23:24]} {[%emt 00:06:25]} 45. Kg3 {[%clk 00:28:23]} {[%emt 00:01:26]}
g5 {[%clk 00:20:36]} {[%emt 00:03:17]} 46. Kh3 {[%clk 00:28:03]} {[%emt
00:00:50]} Rb4 {[%clk 00:20:54]} {[%emt 00:00:12]} 47. Rxb4 {[%clk 00:27:27]}
{[%emt 00:01:07]} axb4 {[%clk 00:21:22]} {[%emt 00:00:01]} 48. a5 {[%clk
00:27:57]} b3 {[%clk 00:21:39]} {[%emt 00:00:13]} 49. a6 {[%clk 00:28:23]}
{[%emt 00:00:04]} b2 {[%clk 00:22:06]} {[%emt 00:00:02]} 50. a7 {[%clk
00:28:48]} {[%emt 00:00:06]} b1=Q {[%clk 00:22:28]} {[%emt 00:00:08]} 51. a8=Q
{[%clk 00:29:09]} {[%emt 00:00:11]} Ke5 {[%clk 00:20:00]} {[%emt 00:02:52]} 52.
Kg2 {[%clk 00:16:14]} {[%emt 00:13:30]} Qc2+ {[%clk 00:14:45]} {[%emt
00:05:44]} 1/2-1/2

[Event "OPEN DE MENTON 2023"]
[Site "Palais de l'europe Menton, France"]
[Date "2023.10.24"]
[Round "4.3"]
[White "Sebastien, MIDOUX 2083"]
[Black "Shir, SHATIL 2152"]
[Result "1/2-1/2"]
[TimeControl "90'+30\"/ 40m + 30' +30\""]
[WhiteElo "2083"]
[BlackElo "2152"]

1. e4 {[%clk 01:27:03]} {[%emt 00:03:55]} e6 {[%clk 01:30:57]} {[%emt
00:00:04]} 2. d4 {[%clk 01:26:52]} {[%emt 00:00:41]} d5 {[%clk 01:31:18]}
{[%emt 00:00:03]} 3. e5 {[%clk 01:27:01]} {[%emt 00:00:26]} c5 {[%clk
01:31:46]} {[%emt 00:00:04]} 4. c3 {[%clk 01:27:24]} {[%emt 00:00:07]} Nc6
{[%clk 01:32:13]} {[%emt 00:00:03]} 5. Nf3 {[%clk 01:27:37]} {[%emt 00:00:16]}
Qb6 {[%clk 01:32:41]} {[%emt 00:00:03]} 6. Bd3 {[%clk 01:27:36]} {[%emt
00:00:31]} cxd4 {[%clk 01:33:03]} {[%emt 00:00:09]} 7. O-O {[%clk 01:27:34]}
{[%emt 00:00:30]} Bd7 {[%clk 01:32:23]} {[%emt 00:01:10]} 8. Re1 {[%clk
01:27:30]} {[%emt 00:00:33]} Nge7 {[%clk 01:24:16]} {[%emt 00:08:38]} 9. h4
{[%clk 01:27:43]} {[%emt 00:00:17]} a6 {[%clk 01:20:08]} {[%emt 00:04:39]} 10.
h5 {[%clk 01:24:25]} {[%emt 00:03:47]} h6 {[%clk 01:20:29]} {[%emt 00:00:10]}
11. Nbd2 {[%clk 01:11:52]} {[%emt 00:13:02]} dxc3 {[%clk 01:19:16]} {[%emt
00:01:44]} 12. bxc3 {[%clk 01:12:15]} {[%emt 00:00:06]} Na5 {[%clk 01:18:21]}
{[%emt 00:01:25]} 13. Ba3 {[%clk 00:54:22]} {[%emt 00:18:22]} Rc8 {[%clk
01:11:30]} {[%emt 00:07:22]} 14. Rb1 {[%clk 00:52:18]} {[%emt 00:02:35]} Qa7
{[%clk 01:09:51]} {[%emt 00:02:08]} 15. Qe2 {[%clk 00:37:12]} {[%emt 00:15:36]}
b5 {[%clk 01:07:20]} {[%emt 00:03:01]} 16. g4 {[%clk 00:30:21]} {[%emt
00:07:20]} Rg8 {[%clk 00:56:16]} {[%emt 00:11:34]} 17. Bh7 {[%clk 00:28:30]}
{[%emt 00:02:21]} Rh8 {[%clk 00:56:41]} {[%emt 00:00:05]} 18. Bd3 {[%clk
00:28:54]} {[%emt 00:00:05]} Rg8 {[%clk 00:57:07]} {[%emt 00:00:05]} 19. Bh7
{[%clk 00:27:47]} {[%emt 00:01:37]} Rh8 {[%clk 00:57:28]} {[%emt 00:00:09]}
1/2-1/2

[Event "OPEN DE MENTON 2023"]
[Site "Palais de l'europe Menton, France"]
[Date "2023.10.24"]
[Round "5.1"]
[White "Marlies, BENSDORP-DE LABACA 2212"]
[Black "Thibault, DUDOGNON 2386"]
[Result "0-1"]
[TimeControl "90'+30\"/ 40m + 30' +30\""]
[WhiteTitle "WIM"]
[BlackTitle "FM"]
[WhiteElo "2212"]
[BlackElo "2386"]

1. d4 {[%clk 01:30:57]} {[%emt 00:00:02]} d5 {[%clk 01:30:53]} {[%emt
00:09:06]} 2. c4 dxc4 {[%clk 01:31:14]} 3. Nf3 {[%clk 01:31:49]} Nf6 {[%clk
01:31:37]} 4. e3 {[%clk 01:32:15]} Bg4 {[%clk 01:31:59]} 5. Bxc4 {[%clk
01:32:38]} e6 {[%clk 01:32:23]} 6. O-O {[%clk 01:32:03]} a6 {[%clk 01:32:31]} 7.
b3 {[%clk 01:30:18]} Nc6 {[%clk 01:31:51]} 8. Bb2 {[%clk 01:30:26]} Bd6 {[%clk
01:32:09]} 9. Be2 {[%clk 01:30:28]} O-O {[%clk 01:30:32]} 10. Nbd2 {[%clk
01:30:53]} Qe7 {[%clk 01:30:00]} {[%emt 00:00:58]} 11. Nc4 {[%clk 01:25:07]}
{[%emt 00:06:16]} Nd5 {[%clk 01:24:54]} {[%emt 00:05:35]} 12. h3 {[%clk
01:15:55]} {[%emt 00:09:43]} Bh5 {[%clk 01:25:10]} {[%emt 00:00:14]} 13. Nxd6
{[%clk 01:16:01]} {[%emt 00:00:24]} cxd6 {[%clk 01:24:45]} {[%emt 00:00:55]} 14.
Rc1 {[%clk 01:00:34]} {[%emt 00:15:57]} f5 {[%clk 01:24:54]} {[%emt 00:00:20]}
15. Ba3 {[%clk 00:57:15]} {[%emt 00:03:50]} Nd8 {[%clk 00:51:05]} {[%emt
00:34:18]} 16. Ne5 {[%clk 00:43:56]} {[%emt 00:13:50]} Bxe2 {[%clk 00:51:19]}
{[%emt 00:00:16]} 17. Qxe2 {[%clk 00:44:23]} {[%emt 00:00:03]} Nf7 {[%clk
00:48:53]} {[%emt 00:02:55]} 18. f4 {[%clk 00:42:30]} {[%emt 00:02:24]} Rad8
{[%clk 00:44:21]} {[%emt 00:05:01]} 19. e4 {[%clk 00:37:46]} {[%emt 00:05:15]}
fxe4 {[%clk 00:38:03]} {[%emt 00:06:47]} 20. Qxe4 {[%clk 00:38:11]} {[%emt
00:00:05]} Qf6 {[%clk 00:37:12]} {[%emt 00:01:20]} 21. Ng4 {[%clk 00:26:00]}
{[%emt 00:12:41]} Qf5 {[%clk 00:35:47]} {[%emt 00:01:55]} 22. Qf3 {[%clk
00:21:40]} {[%emt 00:04:51]} Nh8 {[%clk 00:20:05]} {[%emt 00:16:12]} 23. Ne3
{[%clk 00:18:55]} {[%emt 00:03:16]} Nxe3 {[%clk 00:20:11]} {[%emt 00:00:23]} 24.
Qxe3 {[%clk 00:19:22]} {[%emt 00:00:03]} Ng6 {[%clk 00:20:09]} {[%emt
00:00:31]} 25. g4 {[%clk 00:19:40]} {[%emt 00:00:13]} Qd5 {[%clk 00:19:57]}
{[%emt 00:00:41]} 26. Rce1 {[%clk 00:19:04]} {[%emt 00:01:06]} Rfe8 {[%clk
00:16:13]} {[%emt 00:04:14]} 27. f5 {[%clk 00:16:08]} {[%emt 00:03:26]} Nf8
{[%clk 00:11:20]} {[%emt 00:05:23]} 28. f6 {[%clk 00:15:44]} {[%emt 00:00:54]}
Rd7 {[%clk 00:11:43]} {[%emt 00:00:07]} 29. Rf2 {[%clk 00:11:01]} {[%emt
00:05:14]} Ng6 {[%clk 00:10:50]} {[%emt 00:01:22]} 30. Ref1 {[%clk 00:09:23]}
{[%emt 00:02:08]} Rf8 {[%clk 00:10:56]} {[%emt 00:00:23]} 31. fxg7 {[%clk
00:08:52]} {[%emt 00:01:01]} Rxf2 {[%clk 00:09:31]} {[%emt 00:01:55]} 32. Qxf2
{[%clk 00:09:01]} {[%emt 00:00:21]} Rxg7 {[%clk 00:09:57]} {[%emt 00:00:04]} 33.
Qf6 {[%clk 00:09:17]} {[%emt 00:00:14]} h5 {[%clk 00:09:59]} {[%emt 00:00:28]}
34. Qd8+ {[%clk 00:07:43]} {[%emt 00:02:04]} Kh7 {[%clk 00:10:24]} {[%emt
00:00:04]} 35. Qxd6 {[%clk 00:08:03]} {[%emt 00:00:11]} Qe4 {[%clk 00:07:22]}
{[%emt 00:03:32]} 36. Qg3 {[%clk 00:03:43]} {[%emt 00:04:50]} Qxd4+ {[%clk
00:06:37]} {[%emt 00:01:14]} 37. Qf2 {[%clk 00:04:04]} {[%emt 00:00:09]} Qxf2+
{[%clk 00:04:33]} {[%emt 00:02:35]} 38. Rxf2 {[%clk 00:04:05]} {[%emt
00:00:28]} hxg4 {[%clk 00:04:59]} {[%emt 00:00:04]} 39. hxg4 {[%clk 00:04:32]}
{[%emt 00:00:04]} Ne5 {[%clk 00:05:04]} {[%emt 00:00:24]} 40. Re2 {[%clk
00:31:25]} {[%emt 00:03:37]} Rxg4+ {[%clk 00:34:37]} {[%emt 00:00:56]} 41. Kf1
{[%clk 00:31:41]} {[%emt 00:00:14]} Rf4+ {[%clk 00:32:52]} {[%emt 00:02:15]} 42.
Kg2 {[%clk 00:29:48]} {[%emt 00:02:21]} Nd3 {[%clk 00:23:23]} {[%emt 00:10:01]}
43. Bd6 {[%clk 00:22:18]} {[%emt 00:08:01]} Rf6 {[%clk 00:21:40]} {[%emt
00:02:12]} 44. Kg3 {[%clk 00:19:26]} {[%emt 00:03:20]} Kg8 {[%clk 00:13:40]}
{[%emt 00:08:32]} 45. Rd2 {[%clk 00:18:05]} {[%emt 00:01:51]} Ne1 {[%clk
00:13:24]} {[%emt 00:00:45]} 46. Re2 {[%clk 00:17:23]} {[%emt 00:01:12]} Nf3
{[%clk 00:12:04]} {[%emt 00:01:50]} 47. Be7 {[%clk 00:15:42]} {[%emt 00:02:12]}
Nd4 {[%clk 00:11:53]} {[%emt 00:00:41]} 48. Bxf6 {[%clk 00:15:45]} {[%emt
00:00:27]} Nxe2+ {[%clk 00:12:18]} {[%emt 00:00:05]} 49. Kf3 {[%clk 00:15:05]}
{[%emt 00:01:09]} Nc1 {[%clk 00:12:45]} {[%emt 00:00:03]} 50. Bc3 {[%clk
00:13:44]} {[%emt 00:01:46]} Nxa2 {[%clk 00:10:13]} {[%emt 00:03:07]} 51. Bd2
{[%clk 00:14:12]} {[%emt 00:00:03]} Kf7 {[%clk 00:09:56]} {[%emt 00:00:47]} 52.
Ke3 {[%clk 00:14:23]} {[%emt 00:00:18]} Ke7 {[%clk 00:10:08]} {[%emt 00:00:18]}
53. Kd4 {[%clk 00:13:25]} {[%emt 00:01:28]} Kd6 {[%clk 00:09:11]} {[%emt
00:01:27]} 54. Bf4+ {[%clk 00:09:35]} {[%emt 00:04:21]} Kc6 {[%clk 00:09:30]}
{[%emt 00:00:11]} 55. Bd2 {[%clk 00:10:02]} {[%emt 00:00:03]} Kb5 {[%clk
00:09:16]} {[%emt 00:00:43]} 56. Ke5 {[%clk 00:10:19]} {[%emt 00:00:14]} Nb4
{[%clk 00:09:15]} {[%emt 00:00:31]} 57. Kxe6 {[%clk 00:10:40]} {[%emt
00:00:09]} Nd3 {[%clk 00:09:02]} {[%emt 00:00:42]} 58. Kd6 {[%clk 00:09:47]}
{[%emt 00:01:24]} Nc5 {[%clk 00:09:11]} {[%emt 00:00:21]} 59. Kc7 {[%clk
00:09:52]} {[%emt 00:00:23]} Nxb3 {[%clk 00:09:35]} {[%emt 00:00:07]} 60. Be3
{[%clk 00:10:19]} {[%emt 00:00:03]} Nc5 {[%clk 00:09:35]} {[%emt 00:00:30]} 61.
Kd6 {[%clk 00:07:58]} {[%emt 00:02:51]} b6 {[%clk 00:09:37]} {[%emt 00:00:28]}
62. Kc7 {[%clk 00:08:06]} {[%emt 00:00:23]} a5 {[%clk 00:09:29]} {[%emt
00:00:38]} 63. Bf2 {[%clk 00:07:33]} {[%emt 00:01:01]} a4 {[%clk 00:09:53]}
{[%emt 00:00:08]} 64. Be3 {[%clk 00:07:16]} {[%emt 00:00:47]} a3 {[%clk
00:10:17]} {[%emt 00:00:05]} 65. Kd6 {[%clk 00:07:20]} {[%emt 00:00:25]} a2
{[%clk 00:10:40]} {[%emt 00:00:07]} 66. Bd4 {[%clk 00:07:47]} {[%emt 00:00:03]}
Nb3 {[%clk 00:11:07]} {[%emt 00:00:03]} 0-1

[Event "OPEN DE MENTON 2023"]
[Site "Palais de l'europe Menton, France"]
[Date "2023.10.24"]
[Round "5.2"]
[White "Clement, KUHN 2338"]
[Black "Isabelle, MALASSAGNE 2097"]
[Result "1-0"]
[TimeControl "90'+30\"/ 40m + 30' +30\""]
[WhiteTitle "FM"]
[BlackTitle "WFM"]
[WhiteElo "2338"]
[BlackElo "2097"]

1. e4 {[%clk 01:30:52]} {[%emt 00:00:06]} e5 {[%clk 01:30:55]} {[%emt
00:09:01]} 2. Nf3 {[%clk 01:31:05]} Nc6 {[%clk 01:31:22]} 3. Bb5 {[%clk
01:31:27]} a6 {[%clk 01:31:47]} 4. Ba4 {[%clk 01:31:52]} Nf6 {[%clk 01:32:04]}
5. O-O {[%clk 01:32:13]} Be7 {[%clk 01:32:02]} 6. Re1 {[%clk 01:32:30]} b5
{[%clk 01:32:25]} 7. Bb3 {[%clk 01:32:59]} O-O {[%clk 01:32:43]} 8. a4 {[%clk
01:33:21]} Bb7 {[%clk 01:32:25]} 9. d3 {[%clk 01:33:18]} d6 {[%clk 01:32:42]}
10. Nbd2 {[%clk 01:33:43]} Na5 {[%clk 01:31:54]} 11. Ba2 {[%clk 01:34:04]} c5
{[%clk 01:32:20]} 12. Nf1 {[%clk 01:33:18]} b4 {[%clk 01:32:18]} 13. Bd2 {[%clk
01:27:30]} {[%emt 00:04:33]} Nc6 {[%clk 01:27:28]} {[%emt 00:05:21]} 14. Ne3
{[%clk 01:24:54]} {[%emt 00:03:06]} Bc8 {[%clk 01:27:40]} {[%emt 00:00:18]} 15.
c3 {[%clk 01:18:20]} {[%emt 00:07:04]} a5 {[%clk 01:26:18]} {[%emt 00:01:51]}
16. Nd5 {[%clk 01:05:53]} {[%emt 00:12:58]} Be6 {[%clk 01:15:51]} {[%emt
00:10:58]} 17. Bg5 {[%clk 01:03:18]} {[%emt 00:03:04]} Nxd5 {[%clk 00:52:53]}
{[%emt 00:23:28]} 18. exd5 {[%clk 01:03:40]} {[%emt 00:00:07]} Bxg5 {[%clk
00:53:20]} {[%emt 00:00:03]} 19. dxe6 {[%clk 01:03:57]} {[%emt 00:00:13]} fxe6
{[%clk 00:52:39]} {[%emt 00:01:11]} 20. Bxe6+ {[%clk 01:04:20]} {[%emt
00:00:07]} Kh8 {[%clk 00:53:07]} {[%emt 00:00:02]} 21. Qe2 {[%clk 00:56:58]}
{[%emt 00:07:52]} Bf4 {[%clk 00:48:33]} {[%emt 00:05:05]} 22. Bd5 {[%clk
00:48:11]} {[%emt 00:09:16]} Rc8 {[%clk 00:48:57]} {[%emt 00:00:06]} 23. g3
{[%clk 00:44:59]} {[%emt 00:03:43]} Bh6 {[%clk 00:47:18]} {[%emt 00:02:09]} 24.
Nd2 {[%clk 00:40:15]} {[%emt 00:05:14]} Bxd2 {[%clk 00:42:37]} {[%emt
00:05:11]} 25. Qxd2 {[%clk 00:40:44]} {[%emt 00:00:01]} Ne7 {[%clk 00:38:58]}
{[%emt 00:04:09]} 26. Be6 {[%clk 00:37:24]} {[%emt 00:03:50]} Rb8 {[%clk
00:38:11]} {[%emt 00:01:17]} 27. Re2 {[%clk 00:34:08]} {[%emt 00:03:46]} Rf6
{[%clk 00:32:54]} {[%emt 00:05:47]} 28. Bh3 {[%clk 00:33:53]} {[%emt 00:00:44]}
Qb6 {[%clk 00:28:21]} {[%emt 00:05:03]} 29. Bg2 {[%clk 00:27:03]} {[%emt
00:07:20]} Rbf8 {[%clk 00:28:46]} {[%emt 00:00:06]} 30. Rc1 {[%clk 00:25:59]}
{[%emt 00:01:33]} Nf5 {[%clk 00:26:05]} {[%emt 00:03:11]} 31. Rf1 {[%clk
00:23:45]} {[%emt 00:02:44]} Ne7 {[%clk 00:20:53]} {[%emt 00:05:44]} 32. Kh1
{[%clk 00:22:18]} {[%emt 00:01:57]} Ng6 {[%clk 00:20:28]} {[%emt 00:00:54]} 33.
Be4 {[%clk 00:19:31]} {[%emt 00:03:17]} bxc3 {[%clk 00:13:09]} {[%emt
00:07:49]} 34. bxc3 {[%clk 00:19:54]} {[%emt 00:00:07]} c4 {[%clk 00:10:58]}
{[%emt 00:02:42]} 35. dxc4 {[%clk 00:18:01]} {[%emt 00:02:23]} Qc5 {[%clk
00:10:59]} {[%emt 00:00:29]} 36. Qd5 {[%clk 00:16:55]} {[%emt 00:01:34]} Rc8
{[%clk 00:08:44]} {[%emt 00:02:47]} 37. Qxc5 {[%clk 00:17:24]} {[%emt
00:00:02]} Rxc5 {[%clk 00:09:07]} {[%emt 00:00:07]} 38. Bd5 {[%clk 00:17:51]}
{[%emt 00:00:03]} Ne7 {[%clk 00:09:13]} {[%emt 00:00:23]} 39. Rb1 {[%clk
00:18:20]} {[%emt 00:00:01]} Rc8 {[%clk 00:05:22]} {[%emt 00:04:21]} 40. Rb5
{[%clk 00:44:49]} {[%emt 00:04:01]} h5 {[%clk 00:33:02]} {[%emt 00:02:51]} 41.
Rc2 {[%clk 00:42:50]} {[%emt 00:02:29]} Nxd5 {[%clk 00:25:38]} {[%emt
00:07:55]} 42. cxd5 {[%clk 00:42:18]} {[%emt 00:01:01]} Rc4 {[%clk 00:25:55]}
{[%emt 00:00:13]} 43. Rxa5 {[%clk 00:42:13]} {[%emt 00:00:35]} e4 {[%clk
00:26:00]} {[%emt 00:00:25]} 44. Ra6 {[%clk 00:40:13]} {[%emt 00:02:30]} Kh7
{[%clk 00:25:10]} {[%emt 00:01:20]} 45. Kg2 {[%clk 00:34:37]} {[%emt 00:06:06]}
Kg6 {[%clk 00:25:33]} {[%emt 00:00:07]} 46. a5 {[%clk 00:34:55]} {[%emt
00:00:12]} Ra4 {[%clk 00:23:23]} {[%emt 00:02:41]} 47. c4 {[%clk 00:31:16]}
{[%emt 00:04:09]} Kf5 {[%clk 00:23:47]} {[%emt 00:00:06]} 48. Ra7 {[%clk
00:30:41]} {[%emt 00:01:05]} Ke5 {[%clk 00:23:30]} {[%emt 00:00:46]} 49. Re7+
{[%clk 00:19:15]} {[%emt 00:11:56]} Kd4 {[%clk 00:19:10]} {[%emt 00:04:50]} 50.
Re2 {[%clk 00:18:02]} {[%emt 00:01:43]} Rxc4 {[%clk 00:18:27]} {[%emt
00:01:14]} 51. R2xe4+ {[%clk 00:18:27]} {[%emt 00:00:05]} Kxd5 {[%clk
00:18:43]} {[%emt 00:00:14]} 52. Rxc4 {[%clk 00:18:52]} {[%emt 00:00:05]} Kxc4
{[%clk 00:19:11]} {[%emt 00:00:02]} 53. a6 {[%clk 00:19:14]} {[%emt 00:00:08]}
d5 {[%clk 00:18:38]} {[%emt 00:01:03]} 54. a7 {[%clk 00:19:39]} {[%emt
00:00:05]} Ra6 {[%clk 00:19:04]} {[%emt 00:00:03]} 55. Rxg7 {[%clk 00:19:47]}
{[%emt 00:00:22]} d4 {[%clk 00:19:09]} {[%emt 00:00:26]} 56. Rc7+ {[%clk
00:19:59]} {[%emt 00:00:18]} Kd3 {[%clk 00:17:51]} {[%emt 00:01:48]} 57. Rd7
{[%clk 00:20:05]} {[%emt 00:00:24]} Kc3 {[%clk 00:16:32]} {[%emt 00:01:49]} 58.
f4 {[%clk 00:19:57]} {[%emt 00:00:38]} d3 {[%clk 00:15:55]} {[%emt 00:01:07]}
59. Rc7+ {[%clk 00:17:51]} {[%emt 00:02:36]} Kd2 {[%clk 00:14:10]} {[%emt
00:02:15]} 60. f5 {[%clk 00:14:35]} {[%emt 00:03:45]} Ke2 {[%clk 00:13:57]}
{[%emt 00:00:42]} 61. f6 {[%clk 00:14:15]} {[%emt 00:00:51]} 1-0